000 00519nam a2200169Ia 4500
005 20250508155419.0
008 008 250505s9999 xx 000 0 eng d
037 _aBooks to be hide in OPAC
040 _aFEDL
_beng
_cFEDL
041 _aeng
_2eng
084 _a370.942, GRE/O
_qFEDL
245 0 _aAnnual report of the proceedings of the council for the year ended 31st march, 1905
245 0 _cLondon County Council
300 _a341p.
942 _cHB
_h370.942, GRE/O
999 _c1356616
_d1356616